000 00928nam a22002651u 4500
001 12627
003 HDC
007 cr bn ---
008 210209p2001 my eng
040 _aHDC
100 _aTan, Swee Lian,
_eauthor
_912617
245 2 _aA new cassava table clone, SM 1542-19 /
_cby Tan Swee Lian and Abdul Rahman Ali
260 _aSerdang :
_bMalaysian Agricultural Research and Development Institute (MARDI),
_c2001
300 _a1 page
336 _atext
_2rdacontent
337 _acomputer
_2rdamedia
338 _aonline resource
_2rdacarrier
650 _aCassava
_913373
650 _aMorphological characteristics
_913375
650 _aTable variety
_913377
856 _zRequest full-text at [email protected]
942 _2lcc
942 _cAR
942 _kJART 003176
999 _c9950
_d9950